Introduction to logic design (Record no. 4687)

000 -LEADER
fixed length control field 00508 a2200181 4500
020 ## - INTERNATIONAL STANDARD BOOK NUMBER
International Standard Book Number 0072476990
040 ## - CATALOGING SOURCE
Original cataloging agency DLC
082 00 - DEWEY DECIMAL CLASSIFICATION NUMBER
Classification number 621.395
100 1# - MAIN ENTRY--PERSONAL NAME
Personal name Marcovitz, Alan B.
245 10 - TITLE STATEMENT
Title Introduction to logic design
Statement of responsibility, etc. Alan B. Marcovitz.
250 ## - EDITION STATEMENT
Edition statement 1st ed.
260 ## - PUBLICATION, DISTRIBUTION, ETC.
Place of publication, distribution, etc. Boston :
Name of publisher, distributor, etc. McGraw-Hill,
Date of publication, distribution, etc. 2002.
300 ## - PHYSICAL DESCRIPTION
Extent xi, 572 p. :
Other physical details ill. ;
Dimensions 24 cm.
Accompanying material + 1 computer optical disc (4 3/4 in.)
500 ## - GENERAL NOTE
General note Includes index.
650 #0 - SUBJECT ADDED ENTRY--TOPICAL TERM
Topical term or geographic name entry element Logic circuits.
650 #0 - SUBJECT ADDED ENTRY--TOPICAL TERM
Topical term or geographic name entry element Logic design.
942 ## - ADDED ENTRY ELEMENTS (KOHA)
Koha item type Book
Call number prefix 621.395 MAR
Source of classification or shelving scheme
Holdings
Withdrawn status Lost status Damaged status Not for loan Collection code Permanent Location Current Location Shelving location Date acquired Source of acquisition Cost, normal purchase price Total Checkouts Total Renewals Full call number Barcode Date last seen Date last checked out Price effective from Koha item type
          Central Library (CL) Central Library (CL) General Stacks 11/25/2002 Allied Book Company 1247.63 3 1 621.395 MAR SEECS002780 08/07/2023 03/15/2021 01/05/2017 Book
          Central Library (CL) Central Library (CL) General Stacks 11/29/2002 Pak Book Corporation 1356.41 4   621.395 MAR SEECS002160 03/02/2021 11/20/2020 01/05/2017 Book
          Central Library (CL) Central Library (CL) General Stacks 12/14/2007 Progressive International Agencies 517.81 6 2 621.395 MAR SEECS008811 12/28/2021 12/20/2018 01/05/2017 Book
© 2023 Central Library, National University of Sciences and Technology. All Rights Reserved.